| 000 | 00463nam a22001577a 4500 | ||
|---|---|---|---|
| 020 | _qHard Cover. | ||
| 082 | _a658 | ||
| 100 | _aShaheen, Sara. | ||
| 245 |
_aPsychological Contract and Its Impact on Employees _cSara Shaheen. |
||
| 260 |
_aIslamabad: _bNBS - NUST, _c2015. |
||
| 300 |
_a52 p. : _bill. ; _c30cm. |
||
| 650 |
_aMBA-Thesis. _917629 |
||
| 700 |
_aZunaira Saqib _918769 |
||
| 942 |
_2ddc _cTHE |
||
| 999 |
_c532504 _d532504 |
||